| Tag |
First Indicator |
Second Indicator |
Subfields |
| LEADER |
00000ugm a2200000 a 4500 |
| 001 |
in00004249721 |
| 005 |
20260122214108.5 |
| 006 |
m o d |
| 007 |
cr cn |
| 008 |
020418s2018 xx v eng |
| 020 |
|
|
|z 9781492037729
|
| 035 |
|
|
|a (CaSebORM)9781492037736
|
| 040 |
|
|
|d UtOrBLW
|
| 041 |
0 |
|
|a eng
|
| 100 |
1 |
|
|a Fournier, Camille,
|e author.
|
| 245 |
1 |
0 |
|a Learn from the Experts about Being a New Manager :
|b Camille Fournier /
|c Fournier, Camille.
|
| 250 |
|
|
|a 1st edition.
|
| 264 |
|
1 |
|b O'Reilly Media, Inc.,
|c 2018.
|
| 300 |
|
|
|a 1 online resource (1 video file, approximately 17 min.)
|
| 336 |
|
|
|a two-dimensional moving image
|b tdi
|2 rdacontent
|
| 337 |
|
|
|a computer
|b c
|2 rdamedia
|
| 338 |
|
|
|a online resource
|b cr
|2 rdacarrier
|
| 347 |
|
|
|a video file
|
| 520 |
|
|
|a In this Learn from the Experts interview, Laurel Ruma talks to Camille Fournier about being a new manager.
|
| 533 |
|
|
|a Electronic reproduction.
|b Boston, MA :
|c Safari,
|n Available via World Wide Web.
|
| 538 |
|
|
|a Mode of access: World Wide Web.
|
| 542 |
|
|
|f Copyright © O'Reilly Media, Inc.
|
| 588 |
|
|
|a Online resource; Title from title screen (viewed April 2, 2018)
|
| 500 |
|
|
|a Videorecording.
|
| 655 |
|
7 |
|a Electronic videos.
|2 local
|
| 710 |
2 |
|
|a Safari, an O'Reilly Media Company.
|
| 856 |
4 |
0 |
|u https://proxy.library.tamu.edu/login?url=https://go.oreilly.com/TAMU/library/view/-/9781492037736/?ar
|z Connect to this electronic resource
|t 0
|
| 999 |
f |
f |
|s 7b5ce6bb-22e1-333a-8a95-2e4b8dc4113e
|i 2e3f6bd0-d742-3187-845e-c3b6ba97d12f
|t 0
|
| 952 |
f |
f |
|a Texas A&M University
|b College Station
|c Electronic Resources
|s www_evans
|d Available Online
|t 0
|h No information provided
|
| 998 |
f |
f |
|t 0
|l Available Online
|